Como desarrollar la lectura crítica /

Guardado en:
Autor Principal: Atwood, Beth S.
Formato: Libro
Publicado: Barcelona : Ceac
Edición:2a. ed.
Series:Aula práctica
Materias:
Etiquetas: Agregar Etiqueta
Sin Etiquetas, Sea el primero en etiquetar este registro!
LEADER 00876nam a22002415a 4500
001 CEM.cems010994
005 20071218164853.0
008 130507b######################000#0#####d
003 CEMS
020 |a 8432986054 
082 0 4 |a 372.4 
100 1 |a Atwood, Beth S. 
245 1 0 |a Como desarrollar la lectura crítica /  |c Beth S. Atwood 
250 |a 2a. ed. 
260 |a Barcelona :  |b Ceac 
300 |a 103 p. 
490 0 |a Aula práctica 
500 |a Actividades prácticas para desarrollar la comprensión de la palabra escrita. 
505 0 |a La lectura: una experiencia social -- Los componentes de la comunicación: qué, porqué, cómo, cuándo -- Encuentro del emisor y del receptor de un mensaje -- Reacción ante un mensaje 
653 |a Linguistica 
653 |a Lectura 
653 |a Lectura crítica 
859 |a CEMS  |b BIB. CEMS - 11 de abril  |h 372.4  |i At95a2  |p 21775.02  |t Ej.1